| 000 -LEADER |
| fixed length control field |
00986nam a2200217Ia 4500 |
| 003 - CONTROL NUMBER IDENTIFIER |
| control field |
OSt |
| 005 - DATE AND TIME OF LATEST TRANSACTION |
| control field |
20241119144930.0 |
| 007 - PHYSICAL DESCRIPTION FIXED FIELD--GENERAL INFORMATION |
| fixed length control field |
ca aa aaaaa |
| 008 - FIXED-LENGTH DATA ELEMENTS--GENERAL INFORMATION |
| fixed length control field |
201103s9999 xx 000 0 und d |
| 040 ## - CATALOGING SOURCE |
| Transcribing agency |
SSBUL |
| 041 ## - LANGUAGE CODE |
| Language code of text/sound track or separate title |
bur |
| 082 ## - DEWEY DECIMAL CLASSIFICATION NUMBER |
| Edition number |
23 |
| Classification number |
၂၉၄.၃၄၃၅၀၉ |
| Item number |
၉၁၆၀ S-SAT |
| 100 0# - MAIN ENTRY--PERSONAL NAME |
| Personal name |
အုန်းကြိုင်၊ ဦး၊ ဟံသာဝတီ- |
| 9 (RLIN) |
17302 |
| 245 10 - TITLE STATEMENT |
| Title |
သာဓုဆံတော်ရှင် / |
| Statement of responsibility, etc. |
ဟံသာဝတီ ဦးအုန်းကြိုင်။ |
| 260 ## - PUBLICATION, DISTRIBUTION, ETC. |
| Place of publication, distribution, etc. |
ရန်ကုန် ၊ |
| Name of publisher, distributor, etc. |
ယုံကြည်ချက်စာပေ၊ |
| Date of publication, distribution, etc. |
၂၀၀၅။ |
| 300 ## - PHYSICAL DESCRIPTION |
| Extent |
၃၂၁ စာမျက်နှာ ၊ |
| Other physical details |
ဓါတ်ပုံများ ၊ |
| Dimensions |
၂၅ စင်တီ။ |
| 500 ## - GENERAL NOTE |
| General note |
S-SAT: Dr. Sai Aung Tun |
| 650 ## - SUBJECT ADDED ENTRY--TOPICAL TERM |
| Topical term or geographic name entry element |
စေတီပုထိုး |
| Geographic subdivision |
မြန်မာနိုင်ငံ |
|
| Topical term or geographic name entry element |
သာဓုဆံတော််ရှင် |
| Form subdivision |
သမိုင်း |
| 9 (RLIN) |
55329 |
| 942 ## - ADDED ENTRY ELEMENTS (KOHA) |
| Source of classification or shelving scheme |
|
| Koha item type |
Book (Short term) |